Normal view
MARC view
- John F.Scamehorn, Jeffrey H. Harwell
Entry Personal Name
001 - CONTROL NUMBER
- control field: 127089
003 - CONTROL NUMBER IDENTIFIER
- control field: NUST
005 - DATE AND TIME OF LATEST TRANSACTION
- control field: 20241212102454.0
008 - FIXED-LENGTH DATA ELEMENTS
- fixed length control field: 241212|| aca||aabn | a|a d
040 ## - CATALOGING SOURCE
- Original cataloging agency: NUST
- Transcribing agency: NUST
100 ## - HEADING--PERSONAL NAME
- Personal name: John F.Scamehorn, Jeffrey H. Harwell
670 ## - SOURCE DATA FOUND
- Source citation: Work cat.: (NUST)561823: John F.Scamehorn, Jeffrey H. Harwell, Surfactant- Based Separation Processes /, 1989
